[Event "TUR-chT 2nd League"]
[Site "Konya"]
[Date "2017.07.18"]
[Round "2.9"]
[White "Ozturkoglu, Beyza"]
[Black "Aktay, Nisa Solmaz"]
[Result "0-1"]
[WhiteElo "1123"]
[BlackElo "1223"]
[PlyCount "134"]
[EventDate "2017.07.17"]
[EventType "team-swiss"]
[EventRounds "9"]
[EventCountry "TUR"]
[SourceTitle "CBM 179 Extra"]
[Source "ChessBase"]
[SourceDate "2017.08.23"]
[SourceVersion "1"]
[SourceVersionDate "2017.08.23"]
[SourceQuality "1"]
[WhiteTeam "Bolu Koroglu"]
[BlackTeam "Antalya Calli"]
[WhiteTeamCountry "TUR"]
[BlackTeamCountry "TUR"]

1. e4 g6 2. Nf3 Bg7 3. Nc3 d6 4. Bc4 Nd7 5. 0-0 a6 6. a4 Ngf6 7. d4 Nb6 8. Bb3 c6 9. Be3 0-0 10. e5 Nfd5 11. Nxd5 Nxd5 12. Bxd5 cxd5 13. Qd2 Re8 14. Bh6 Bh8 15. Rfe1 dxe5 16. Nxe5 f6 17. Nf3 Bg4 18. Qe3 e6 19. h3 Bxf3 20. Qxf3 g5 21. Qg4 Qe7 22. h4 f5 23. Qxg5+ Qxg5 24. Bxg5 Bxd4 25. c3 Bb6 26. Re2 Kg7 27. Rae1 Kf7 28. Be3 Bd8 29. g3 Bf6 30. Kg2 Rac8 31. f3 Rc4 32. a5 Bd8 33. Bb6 Bxb6 34. axb6 Rc6 35. g4 Kf6 36. gxf5 Kxf5 37. Re5+ Kf6 38. f4 Rxb6 39. R1e2 Ke7 40. Rxd5 Rf8 41. f5 Rxb2 42. Rxb2 exd5 43. Rxb7+ Kf6 44. Rxh7 Kxf5 45. Ra7 Rf6 46. Rd7 Ke4 47. Rh7 Kd3 48. Rd7 Kc4 49. Kg3 a5 50. Ra7 Kxc3 51. Rxa5 d4 52. Rd5 Rf1 53. h5 d3 54. h6 Rh1 55. Rd6 d2 56. Kg2 Rxh6 57. Rxh6 d1Q 58. Rh3+ Kc2 59. Rh2 Kd3 60. Rh3+ Ke4 61. Rh4+ Kf5 62. Rh1 Qe2+ 63. Kg3 Qe3+ 64. Kg2 Kg4 65. Rg1 Qe2+ 66. Kh1+ Kh3 67. Rg2 Qxg2# 0-1

[Event "TUR-chT 2nd League"]
[Site "Konya"]
[Date "2017.07.18"]
[Round "3.5"]
[White "Ozturkoglu, Beyza"]
[Black "Dayan, Cansu"]
[Result "1/2-1/2"]
[WhiteElo "1123"]
[BlackElo "1525"]
[PlyCount "110"]
[EventDate "2017.07.17"]
[EventType "team-swiss"]
[EventRounds "9"]
[EventCountry "TUR"]
[SourceTitle "CBM 179 Extra"]
[Source "ChessBase"]
[SourceDate "2017.08.23"]
[SourceVersion "1"]
[SourceVersionDate "2017.08.23"]
[SourceQuality "1"]
[WhiteTeam "Bolu Koroglu"]
[BlackTeam "Kahramanmaras DSI "]
[WhiteTeamCountry "TUR"]
[BlackTeamCountry "TUR"]

1. e4 e5 2. Nf3 Nc6 3. Bc4 Nf6 4. Nc3 Bc5 5. d3 h6 6. Ne2 d6 7. 0-0 Bg4 8. Ng3 Nd4 9. Be3 Nxf3+ 10. gxf3 Bh3 11. Re1 Nd7 12. d4 Bb6 13. dxe5 Nxe5 14. Bb3 Qf6 15. f4 Ng4 16. Bxb6 axb6 17. Qd2 h5 18. f3 h4 19. fxg4 hxg3 20. e5 dxe5 21. Rxe5+ Kf8 22. Rf5 gxh2+ 23. Qxh2 Qd4+ 24. Qf2 Qxf2+ 25. Kxf2 f6 26. Rh1 Re8 27. a4 Ke7 28. Kg3 Kd8 29. Rd5+ Kc8 30. Rd3 g5 31. Rxh3 Rxh3+ 32. Kxh3 gxf4 33. Rf3 Re4 34. Kh4 Kd7 35. g5 Ke7 36. Kg4 fxg5 37. Kxg5 Re1 38. Rxf4 Rb1 39. Kg6 Rxb2 40. Rf5 Rb1 41. Rg5 Rf1 42. a5 bxa5 43. Rxa5 Rg1+ 44. Rg5 Rxg5+ 45. Kxg5 Kd6 46. Kf4 Kc5 47. Ke3 Kb4 48. Kd4 c5+ 49. Kd3 b5 50. Be6 c4+ 51. Kd2 Kc5 52. Bd7 b4 53. Ba4 Kd4 54. Bb5 b3 55. Bxc4 Kxc4 1/2-1/2